| 000 | 01922nam0a2200337 4500 | ||
|---|---|---|---|
| 001 | RU\NLR\BIBL_A\011817921 | ||
| 005 | 20181019162835.0 | ||
| 010 |
_a978-5-907032-65-1 _9300 |
||
| 021 |
_aRU _bКН-П-18-066497 _9КН-П-18-4795 |
||
| 035 | _a(NLR Aleph) 011817921 | ||
| 035 | _a(RuMoRGB)009737151 | ||
| 090 |
_a11949397 _c11949397 |
||
| 100 | _a20181011d2018 k y0rusy50 ca | ||
| 101 | 0 | _arus | |
| 102 | _aRU | ||
| 105 | _aab||z|||000zy | ||
| 200 | 1 |
_aОценка агроэкологических ресурсов Крыма для выращивания эфиромасличных и лекарственных растений _e[монография] _fТ.И. Орёл _gпод общей редакцией доктора сельскохозяйственных наук, члена-корреспондента РАН Ю.В. Плугатаря _gФГБУН "Никитский ботанический сад - Национальный научный центр" РАН |
|
| 210 |
_aСимферополь _cАриал _d2018 |
||
| 215 |
_a91 с. _cил., цв. ил., карт., табл. _d21 |
||
| 300 | _aНа 4-й с. обл. авт.: Орёл Т.И., к.с.-х.н. | ||
| 320 | _aБиблиогр.: с. 88-91 (41 назв.) | ||
| 606 | 1 |
_aЛекарственные растения _xКультура _xАгроэкологическая оценка _yКрым, Республика _92383832 _3RU\NLR\AUTH\6601642908 |
|
| 606 | 1 |
_aЭфиромасличные растения _xКультура _xАгроэкологическая оценка _yКрым, Республика _92383837 _3RU\NLR\AUTH\6601642911 |
|
| 686 | 1 | _aП214.3-4(2Р37-6Крм) | |
| 686 | 1 | _aП214.2-4(2Р37-6Крм) | |
| 700 | 1 |
_aОрёл _bТ. И. _gТаисия Ивановна |
|
| 942 | _cBOOK | ||
| 980 | _aNBR | ||
| 980 | _aNB | ||